00799nam a2200241Ia 4500003000900000008004100009040001300050040001300063041000800076100002000084245010400104250002300208260002300231260000900254300001100263300001000274490002900284490000700313600001300320942000700333999001700340952020000357IT-RoPAU120407s9999 xx 000 0 und d aIT-RoPAU cIT-RoPAU aita aVincenzo Paglia aIl Vangelo ogni giorno. Riflessioni sui quattro Vangeli nello spirito della Comunità€ di S. Egidio aCinisello Balsamo  aSan Paolo Edizioni c1997 a708 p. c21 cm aFame e sete della Parola v24 aBrossura cBK c36465d36465 00102ddc406226_11900000000000071aPAULUSbPAULUSd2012-04-11l0o226.119r2012-04-11 00:00:00w2012-04-11yBKzInserito da: Mario In data: 02 settembre 2011 fondo: Via A.Severo 56 Progr:14876